000 01072nam a2200325 a 4500
001 000012717
003 DO-SdBNP
005 20250320134623.0
007 ta
008 091116s2003 dr 000 f spa d
020 _a9993431176
040 _aDO-SdBNP
_bspa
_cBNPHU
_erda
082 4 _aRD863.44
_bR621m
_222
100 1 _aRivera Aybar, Ricardo,
_eautor
_4aut.
_929433
245 1 3 _aEl mundo profanado de Adelaida Canales /
_cRicardo Rivera Aybar.
264 1 _aSanto Domingo :
_bBiblioteca Nacional Pedro Henríquez Ureña,
_c2003.
300 _a258 páginas ;
_c23 cm.
336 _atexto
_btxt
_2rdacontent
337 _asin mediación
_bn
_2rdamedia
338 _avolumen
_bnc
_2rdacarrier
490 1 _aBiblioteca Nacional
490 1 _aNovela ;
_v1
500 _aIncluye datos biográficos del autor en las solapas.
590 _aInventariado, 2019/VM
650 4 _aNovela dominicana
_9223
650 4 _aLiteratura dominicana.
_967
830 0 _aBiblioteca Nacional
_pNovela
_n1
_929485
910 _aValidado. Control de calidad MMOLINA
942 _2ddc
_cLBS1
999 _c12368
_d12368